Seaports of the south : a journey
Αποθηκεύτηκε σε:
| Κύριος συγγραφέας: | |
|---|---|
| Άλλοι συγγραφείς: | |
| Μορφή: | Βιβλίο |
| Γλώσσα: | English |
| Δημοσίευση: |
Atlanta, Georgia :
Longstreet,
1998
|
| Θέματα: | |
| Ετικέτες: |
Προσθήκη ετικέτας
Δεν υπάρχουν, Καταχωρήστε ετικέτα πρώτοι!
|
MARC
| LEADER | 00000cam a2200000 i 4500 | ||
|---|---|---|---|
| 001 | 1/2624 | ||
| 008 | 000511s1998 eng d | ||
| 020 | |a 1-56352-499-6 | ||
| 035 | |l 10060505 | ||
| 040 | |a GR-MY-UA |b gre |e aacr | ||
| 041 | 0 | |a eng | |
| 082 | 0 | |a 387.10975 | |
| 100 | 1 | |a Rubin, Louis D., |c Jr. |q (Louis Decimus), |d 1923-2013. | |
| 245 | 1 | 0 | |a Seaports of the south : |b a journey / |c Louis D. Rubin ; photographs by John F. Harrington |
| 260 | |a Atlanta, Georgia : |b Longstreet, |c 1998 | ||
| 300 | |a xviii, 268 p. | ||
| 504 | |a Includes bibliography | ||
| 610 | 1 | 0 | |a Farrell Lines, Inc. |
| 650 | 0 | 0 | |a Steamboat lines |z United States. |
| 651 | 0 | |a United States |x Commerce |z Africa, Sub-Saharan. | |
| 651 | 0 | |a Africa, Sub-Saharan |x Commerce |z United States. | |
| 700 | 1 | |a Harrington, John F. |4 pht | |
| 852 | |a INST |b CHIOS |e 20000511 |h 387.10975 RUB |p 005200017716 |q 005200017716 |t BK |y 0 | ||
| 901 | |a BIBL2-2000-2 | ||
| 909 | |a Χ |b 076079 | ||
| 970 | |a ΣΠΕΝΤΖΑ |b ΕΛΕΝΗ |z 2000/05/11 | ||